Statistics for Countries Without Income Tax

Click here to take the quiz!

General Stats

  • This quiz has been taken 16 times
  • The average score is 6 of 17

Answer Stats

Country% Correct
Monaco
71%
Brunei
57%
Qatar
57%
Bahrain
50%
Oman
50%
United Arab Emirates
50%
Kuwait
43%
Vatican City
43%
Bahamas
36%
Cayman | Islands
36%
Maldives
21%
Nauru
21%
Vanuatu
21%
British Virgin | Islands
14%
Saint Kitts and Nevis
14%
Somalia
14%
Norfolk | Islands
7%

Score Distribution

Percentile by Number Answered

Percent of People with Each Score

Your Score History

You have not taken this quiz